000 00580nam a22001695i 4500
001 153630
003 ES-MaACL
005 20230906205321.0
008 041001s1858 fr |||| | fre d
040 _aCAM
_bspa
_cCAM
245 0 2 _aL'empereur Napoléon III et l'Angleterre.
250 _a9e. ed.
260 _aParis :
_b[s.n.],
_c1858 (
_fTypographie de Firmin Didot frères)
300 _a36 p. ;
_c19 cm.
600 0 4 _aNapoleón
_bIII
_cEmperador de Francia.
_984912
852 _aES-MaACL
_jT-2-F-9
_z-- Enc. hol.
_q-- Falto de la cub. original
_z-- Enc. en un vol. facticio
999 _c153630
_d153630